BIBLIOTECA PODER JUDICIAL
Portal Judicial TDF

Hacia un derecho administrativo a la altura de los tiempos / (Registro nro. 3611)

000 -LEADER
fixed length control field 00707nab a22002057a 4500
003 - CONTROL NUMBER IDENTIFIER
control field OSt
005 - DATE AND TIME OF LATEST TRANSACTION
control field 20200831094326.0
008 - FIXED-LENGTH DATA ELEMENTS--GENERAL INFORMATION
fixed length control field 191025e xxu||||| |||| 00| 0 spa d
040 ## - CATALOGING SOURCE
Transcribing agency PJ
100 ## - MAIN ENTRY--PERSONAL NAME
9 (RLIN) 4671
Personal name Rejtman Farah, Mario
245 10 - TITLE STATEMENT
Title Hacia un derecho administrativo a la altura de los tiempos /
Statement of responsibility, etc Mario Rejtman Farah.
300 ## - PHYSICAL DESCRIPTION
Extent p. 401-408
500 ## - GENERAL NOTE
General note Cita Online: AR/DOC/1198/2019.<br/>
650 #0 - SUBJECT ADDED ENTRY--TOPICAL TERM
9 (RLIN) 211
Topical term or geographic name as entry element DERECHO ADMINISTRATIVO
650 #0 - SUBJECT ADDED ENTRY--TOPICAL TERM
9 (RLIN) 877
Topical term or geographic name as entry element ADMINISTRACION PUBLICA
650 #0 - SUBJECT ADDED ENTRY--TOPICAL TERM
9 (RLIN) 1171
Topical term or geographic name as entry element ACTO ADMINISTRATIVO
650 #0 - SUBJECT ADDED ENTRY--TOPICAL TERM
9 (RLIN) 283
Topical term or geographic name as entry element INFORMATICA JURIDICA
773 0# - HOST ITEM ENTRY
Host Biblionumber 2842
Host Itemnumber 3251
Place, publisher, and date of publication Buenos Aires : AbeledoPerrot, 2012-
Title Derecho administrativo. No. 123 mayo/jun 2019
International Standard Book Number 18510590
942 ## - ADDED ENTRY ELEMENTS (KOHA)
Source of classification or shelving scheme
Koha item type Analítica Artículo de Revista

No hay ítems disponibles.

12 de Octubre 789 Ushuaia - Tel:  54(02901)441571
Horario de Atención: 8.00 a 17.00 hs. 
bibliotecaush@justierradelfuego.gov.ar
koha@justierradelfuego.gov.ar
Seguinos en nuestras redes @bibliojustdf 

Con tecnología Koha